000 00195 a2200097 4500
020 _a9789500708500
041 _aspa
100 _aGraciela Montes
245 _aFederico y su Hermanita
942 _cK
999 _c28823
_d28823